| Поле | Инд. | ПП | Название | Значение |
|---|---|---|---|---|
| Тип записи | a | |||
| Библиографический уровень | m | |||
| 001 | Контрольный номер | RU\SPSTU\books\122508 | ||
| 005 | Дата корректировки | 20140227121736.4 | ||
| 040 | a | Служба первич. каталог. | 19013582 | |
| c | Служба, преобразующая запись | НБ ТвГУ | ||
| e | Правила каталог. | PSBO | ||
| 041 | a | Код языка текста | rus | |
| 080 | a | Индекс УДК | 514.754 | |
| 084 | a | Индекс другой классификации/Индекс ББК | В151.61 | |
| 090 | a | Полочн. индекс | 513 | |
| x | Авторский знак | Ш 64 | ||
| 100 | 1_ | a | Автор | Широков Петр Алексеевич |
| d | Дата | 1895 - 1944 | ||
| q | Полное имя | Широков П. А. | ||
| 245 | a | Заглавие | Аффинная дифференциальная геометрия | |
| c | Ответственность | под ред. А. П. Нордена | ||
| 260 | a | Место издания | Москва | |
| b | Издательство | Физматлит | ||
| c | Дата издания | 1959 | ||
| 300 | a | Объем | 319 с. | |
| b | Иллюстрации/ тип воспроизводства | ил. | ||
| 504 | a | Библиография | Библиогр.: с. 292-313 | |
| 504 | a | Библиография | Предм. указ.: с. 314-319 | |
| 520 | a | Аннотация | Настоящая книга охватывает все основные разделы современной аффинной дифференциальной геометрии, из которых многие не вошли в существующие монографии. Кроме того, в русской оригинальной и переводной литературе руководства по аффинной геометрии вообще отсутствуют. Предлагаемая читателю книга заполняет этот пробел в нашей учебной литературе.Книга рассчитана на студентов, аспирантов и научных работников по специальности геометрия. | |
| 653 | a | Ключевые слова | Афинные пространства (мат.) | |
| a | Ключевые слова | Аффинная дифференциальная геометрия | ||
| a | Ключевые слова | Геометрия | ||
| a | Ключевые слова | Дифференциальная геометрия | ||
| 700 | 1_ | a | Другие авторы | Широков Александр Петрович |
| q | Полное имя | Широков, А. П. | ||
| 700 | 1_ | a | Другие авторы | Норден А. П. |
| e | Роль лиц | ред. | ||
| 920 | a | Оператор | Шалы | |
| 954 | a | Дата поступления на обработку | 20100420 |